Find the X-Men Quiz Stats

 Plays Quiz Updated Jul 27, 2014

Support Sporcle.
Go Orange.
Score 0/35 Timer 05:00
12 Plays Today
% Correct
Professor X
92.4%
Wolverine
91.4%
Storm
90.7%
Rogue
90.2%
Cyclops
90%
Beast
89.5%
Mystique
88.8%
Magneto
87.6%
Nightcrawler
87.5%
Gambit
86.2%
Iceman
84.9%
Phoenix
84.7%
Colossus
84.4%
Banshee
81.7%
Archangel
81.1%
Havok
81%
Psylocke
79.4%
Jubilee
78.1%
% Correct
Juggernaut
78%
Shadowcat
72.3%
Bishop
70.4%
Polaris
69.5%
Mimic
69.4%
Sunfire
68.8%
Sunspot
66.1%
Northstar
61.7%
Pixie
60.1%
Cannonball
58.4%
Changeling
56.7%
Thunderbird
53.8%
Marrow
53.6%
The White Queen
49.5%
Armor
47.6%
Marvel Girl
47.6%
Namor
42.1%

From the Vault

NBA Top 200 Scorers (1990s)

by maine_moxie

Sports 20m
The ceiling is the roof.
Remove Ads.
Support Sporcle.
Get the best of Sporcle when you Go Orange. This ad-free experience offers more features, more stats, and more fun while also helping to support Sporcle. Thank you for becoming a member.

Show Comments

Extras

Top Quizzes Today


Score Distribution

Your Account Isn't Verified!

In order to create a playlist on Sporcle, you need to verify the email address you used during registration. Go to your Sporcle Settings to finish the process.

Report this User

Report this user for behavior that violates our Community Guidelines.

Details: